| 000 | 00000nam##2200000za#4500 |
| 001 | 9.681044 |
| 003 | CaOODSP |
| 005 | 20200330065700 |
| 007 | ta |
| 008 | 150407|1999||||xxc||||| f|0| 0 fre|d |
| 020 | |a0-662-84381-9 |
| 040 | |aCaOODSP|bfre |
| 043 | |an-cn--- |
| 086 | 1 |aM92-180/1999F |
| 110 | 1 |aCanada.|bRessources naturelles Canada. |bSecrétariat du changement climatique. |
| 245 | 10|aPassez à l'action pour atténuer les changements climatiques : |bà la maison, au travail, sur la route / |cPublié par le Secrétariat du changement climatique. |
| 260 | |aOttawa - Ontario : |bRessources naturelles Canada. |c1999. |
| 300 | |a16p. : |bill. ; |c21 cm. |
| 500 | |aN.B.: Le numéro de catalogue (M27-01-1257F) imprimé dans cette publication est incorrect. |
| 563 | |aDépliant |
| 590 | |a00-09|b2000-03-03 |
| 691 | 07|aRendement énergétique|2gcpds |
| 775 | 08|tTaking action on climate change : |w(CaOODSP)9.647641 |
| 776 | 0#|tPassez à l'action pour atténuer les changements climatiques : |w(CaOODSP)9.639569 |